[Event "Girona-ch"]
[Site "Sant Gregori"]
[Date "2019.10.27"]
[Round "3"]
[White "Gonzalez Escudero, Josep"]
[Black "Vilar Lopez, Monica"]
[Result "1-0"]
[WhiteElo "1929"]
[BlackElo "2058"]
[PlyCount "89"]
[EventDate "2019.10.13"]
[EventType "swiss"]
[EventRounds "9"]
[EventCountry "ESP"]
[SourceTitle "CBM 194 Extra"]
[Source "ChessBase"]
[SourceDate "2020.03.31"]
[SourceVersion "1"]
[SourceVersionDate "2020.03.31"]
[SourceQuality "1"]

1. e4 e6 2. d4 d5 3. Nd2 c5 4. exd5 Qxd5 5. dxc5 Bxc5 6. Ngf3 Nf6 7. Bc4 Qc6 8. Qe2 a6 9. Nb3 Bd6 10. Bg5 Nbd7 11. Nbd4 Qe4 12. 0-0-0 Bf4+ 13. Bxf4 Qxf4+ 14. Kb1 Nc5 15. Ne5 0-0 16. g3 Qe4 17. Rhe1 Qxe2 18. Bxe2 Nfd7 19. Bf3 Rb8 20. Nc4 g6 21. Nd6 Nf6 22. Nb3 Nxb3 23. axb3 Ne8 24. Nxc8 Rxc8 25. Bxb7 Rc5 26. Bxa6 Nc7 27. Bb7 Rb8 28. Bg2 Kg7 29. Rd7 Ne8 30. Red1 Nf6 31. R7d2 Ra5 32. h3 Rb6 33. Rd6 Rb8 34. R1d4 Re5 35. Rd1 Ne4 36. Bxe4 Rxe4 37. f4 Re3 38. R6d3 Re2 39. c4 Rc8 40. Rc1 Re4 41. c5 e5 42. c6 exf4 43. gxf4 Re6 44. c7 Re7 45. Rdc3 1-0

[Event "Girona Territorial-ch"]
[Site "Girona"]
[Date "2014.11.09"]
[Round "6"]
[White "Gonzalez Escudero, Josep"]
[Black "Rovira Vila, Jaume"]
[Result "1-0"]
[WhiteElo "1992"]
[BlackElo "1949"]
[PlyCount "49"]
[EventDate "2014.10.05"]
[EventType "swiss"]
[EventRounds "9"]
[EventCountry "CAT"]
[SourceTitle "CBM 163 Extra"]
[Source "ChessBase"]
[SourceDate "2014.12.23"]
[SourceVersion "1"]
[SourceVersionDate "2014.12.23"]
[SourceQuality "1"]

1. e4 c5 2. Nf3 g6 3. d4 cxd4 4. c3 Bg7 5. Bc4 dxc3 6. Nxc3 h6 7. 0-0 Nc6 8. e5 Nxe5 9. Nxe5 Bxe5 10. Qd5 Bxh2+ 11. Kxh2 e6 12. Qd4 Rh7 13. Kg1 h5 14. Ne4 d5 15. Bb5+ Bd7 16. Bg5 Qb8 17. Bxd7+ Kxd7 18. Nc5+ Ke8 19. Rfe1 b6 20. Nxe6 fxe6 21. Rxe6+ Kf8 22. Qxd5 Qb7 23. Bh6+ Nxh6 24. Rf6+ Rf7 25. Qxb7 1-0

[Event "Girona Territorial-ch"]
[Site "Girona"]
[Date "2013.11.24"]
[Round "8"]
[White "Gonzalez Escudero, Josep"]
[Black "Campo Echevarria, Juan Francisco"]
[Result "0-1"]
[WhiteElo "1780"]
[BlackElo "2028"]
[PlyCount "138"]
[EventDate "2013.09.22"]
[EventType "swiss"]
[EventRounds "9"]
[EventCountry "ESP"]
[SourceTitle "EXT 2015"]
[Source "ChessBase"]
[SourceDate "2014.11.20"]
[SourceVersion "1"]
[SourceVersionDate "2014.11.20"]
[SourceQuality "1"]

1. e4 c5 2. d4 cxd4 3. c3 g6 4. Nf3 Bg7 5. Bc4 e6 6. cxd4 d5 7. Bb5+ Bd7 8. Bxd7+ Qxd7 9. e5 h6 10. Nc3 Ne7 11. 0-0 0-0 12. Be3 Nbc6 13. Qd2 Kh7 14. Ne2 Nf5 15. Ng3 Nxg3 16. hxg3 Rac8 17. Nh2 Qe7 18. a3 Qc7 19. Rac1 Qb6 20. Rc3 Na5 21. Nf3 Nc4 22. Qc1 Rc6 23. b3 Na5 24. Rxc6 Nxc6 25. Qb2 Rc8 26. Rc1 Ne7 27. Rxc8 Nxc8 28. Qc3 Ne7 29. Nd2 Nc6 30. f4 f6 31. Nf3 Na5 32. Nd2 Nc6 33. Nf3 Kg8 34. Qd3 Kf7 35. Nh4 f5 36. g4 Bf8 37. gxf5 gxf5 38. b4 Be7 39. Nf3 a6 40. Bf2 Na7 41. Bh4 Qb5 42. Qb1 Qe2 43. Bxe7 Qe3+ 44. Kh1 Kxe7 45. Qc2 Nc6 46. Qc5+ Kf7 47. b5 axb5 48. Qxb5 Qc1+ 49. Ng1 Qxa3 50. Qxb7+ Ne7 51. Qb5 Qc1 52. Qe2 Qxf4 53. Qh5+ Kg7 54. Nf3 Ng6 55. Kg1 Qg3 56. Qh2 Qg4 57. Kf2 h5 58. Qg1 Nf4 59. Qh2 Ng6 60. Kg1 Kh6 61. Kf2 Nf4 62. Kg1 Ne2+ 63. Kf1 Nxd4 64. Nxd4 Qxd4 65. Qg3 Qg4 66. Qe3+ f4 67. Qb6 Kg5 68. Qd8+ Kf5 69. Qf6+ Ke4 0-1

[Event "Llinars del Valles op-B 6th"]
[Site "Llinars del Valles"]
[Date "2012.04.21"]
[Round "2"]
[White "Gultresa Boada, Isaac"]
[Black "Gonzalez Escudero, Josep"]
[Result "0-1"]
[WhiteElo "1612"]
[BlackElo "1798"]
[PlyCount "48"]
[EventDate "2012.04.14"]
[EventType "swiss"]
[EventRounds "9"]
[EventCountry "ESP"]
[SourceTitle "EXT 2013"]
[Source "ChessBase"]
[SourceDate "2012.11.22"]
[SourceVersion "1"]
[SourceVersionDate "2012.11.22"]
[SourceQuality "1"]

1. Nf3 d5 2. d4 e6 3. c4 Nf6 4. Nc3 Be7 5. Bg5 h6 6. Bh4 0-0 7. e3 b6 8. a3 Bb7 9. b4 c5 10. bxc5 bxc5 11. Rb1 Qa5 12. Rxb7 Qxc3+ 13. Qd2 Qa1+ 14. Qd1 Qxd1+ 15. Kxd1 Re8 16. cxd5 g5 17. Bg3 Nxd5 18. e4 Nc3+ 19. Kc2 cxd4 20. Nxd4 Nxe4 21. f3 Rc8+ 22. Kb2 Nxg3 23. hxg3 Bf6 24. Rb4 Nc6 0-1

[Event "Girona Provincial-ch"]
[Site "Girona"]
[Date "2011.12.11"]
[Round "9"]
[White "Alejo Alvarez, Ricardo"]
[Black "Gonzalez Escudero, Josep"]
[Result "1-0"]
[WhiteElo "1999"]
[BlackElo "1769"]
[PlyCount "61"]
[EventDate "2011.10.09"]
[EventType "swiss"]
[EventRounds "9"]
[EventCountry "ESP"]
[SourceTitle "EXT 2013"]
[Source "ChessBase"]
[SourceDate "2012.11.22"]
[SourceVersion "1"]
[SourceVersionDate "2012.11.22"]
[SourceQuality "1"]

1. Nf3 e6 2. c4 Nf6 3. g3 d5 4. Bg2 c6 5. 0-0 Nbd7 6. d4 Bd6 7. Qc2 0-0 8. Nc3 Ne8 9. Ng5 g6 10. e4 dxe4 11. Ncxe4 Be7 12. Rd1 Nef6 13. b3 Nxe4 14. Nxe4 f5 15. Nc3 Bf6 16. d5 cxd5 17. cxd5 e5 18. Ba3 Rf7 19. d6 e4 20. Nd5 Bxa1 21. Ne7+ Kg7 22. Rxa1 Nf6 23. Rd1 Bd7 24. Bf1 Rc8 25. Nxc8 Qxc8 26. Qxc8 Bxc8 27. Bc4 Rd7 28. Be6 Rd8 29. Bxc8 Rxc8 30. d7 Rd8 31. Be7 1-0

[Event "Girona Provincial-ch"]
[Site "Girona"]
[Date "2011.11.06"]
[Round "5"]
[White "Gonzalez Escudero, Josep"]
[Black "Huici Bentue, David"]
[Result "0-1"]
[WhiteElo "1769"]
[BlackElo "2070"]
[PlyCount "44"]
[EventDate "2011.10.09"]
[EventType "swiss"]
[EventRounds "9"]
[EventCountry "ESP"]
[SourceTitle "EXT 2013"]
[Source "ChessBase"]
[SourceDate "2012.11.22"]
[SourceVersion "1"]
[SourceVersionDate "2012.11.22"]
[SourceQuality "1"]

1. e4 c5 2. Nf3 d6 3. d4 cxd4 4. Nxd4 Nf6 5. Nc3 a6 6. Bc4 e6 7. 0-0 b5 8. Bb3 Bb7 9. Qe2 Nbd7 10. f4 Nc5 11. e5 b4 12. Na4 dxe5 13. Nf3 Nxb3 14. axb3 e4 15. Ne5 Bd6 16. Be3 0-0 17. Rfd1 Nd5 18. Nc4 Bc7 19. Nc5 Qc8 20. Na5 Nxe3 21. Naxb7 Nxd1 22. Rxd1 Bb6 0-1

[Event "Vilanova op 37th"]
[Site "Salt"]
[Date "2011.05.27"]
[Round "5.2"]
[White "Mas Recorda, Pere"]
[Black "Gonzalez Escudero, Josep"]
[Result "1/2-1/2"]
[WhiteElo "2084"]
[BlackElo "1774"]
[PlyCount "58"]
[EventDate "2011.04.29"]
[EventType "swiss"]
[EventRounds "9"]
[EventCountry "ESP"]
[SourceTitle "EXT 2024"]
[Source "ChessBase"]
[SourceDate "2023.10.10"]
[SourceVersion "1"]
[SourceVersionDate "2023.10.10"]
[SourceQuality "1"]

1. d4 e6 2. c4 d5 3. Nc3 Be7 4. Nf3 Nf6 5. Bf4 c5 6. cxd5 exd5 7. Bxb8 Rxb8 8. dxc5 Bxc5 9. e3 0-0 10. Be2 Re8 11. 0-0 Be6 12. Nd4 a6 13. Rc1 Ba7 14. Bf3 Qb6 15. Qe2 Qb4 16. Rfd1 Rbd8 17. a3 Qe7 18. h3 h6 19. Qf1 Rd6 20. Qd3 Red8 21. Nce2 Qd7 22. Ng3 g6 23. Nxe6 Rxe6 24. Ne2 Ne4 25. Nd4 Re7 26. Bxe4 dxe4 27. Qc2 Qe8 28. Ne2 Red7 29. Rxd7 Rxd7 1/2-1/2

[Event "Vilanova op 37th"]
[Site "Salt"]
[Date "2011.05.13"]
[Round "3.6"]
[White "Huici Bentue, David"]
[Black "Gonzalez Escudero, Josep"]
[Result "0-1"]
[WhiteElo "2076"]
[BlackElo "1774"]
[PlyCount "70"]
[EventDate "2011.04.29"]
[EventType "swiss"]
[EventRounds "9"]
[EventCountry "ESP"]
[SourceTitle "EXT 2024"]
[Source "ChessBase"]
[SourceDate "2023.10.10"]
[SourceVersion "1"]
[SourceVersionDate "2023.10.10"]
[SourceQuality "1"]

1. e4 e5 2. Nf3 Nc6 3. Bb5 a6 4. Ba4 Nf6 5. 0-0 Nxe4 6. d4 exd4 7. Re1 d5 8. Nxd4 Bd6 9. Qh5 Qf6 10. Be3 0-0 11. Qxd5 Nc5 12. Bxc6 bxc6 13. Nxc6 Bb7 14. Bd4 Bxc6 15. Qc4 Qh4 16. h3 Qg5 17. Qf1 Ne6 18. Be3 Qg6 19. Nc3 Nf4 20. Bxf4 Bxf4 21. Ne2 Bd6 22. Nd4 Bd7 23. Re3 Rfe8 24. Rae1 Rxe3 25. Rxe3 Re8 26. Rxe8+ Bxe8 27. Qe2 Bd7 28. a3 h6 29. b4 Bxh3 30. Qf3 Bd7 31. g3 Qg4 32. Qa8+ Kh7 33. Nf3 Qc4 34. Kg2 Bc6 35. Qc8 Qe4 0-1